Legal aspects of money laundering in Malaysia from the common law perspective / (Record no. 4370)

000 -LEADER
fixed length control field nam a22 a 4500
003 - CONTROL NUMBER IDENTIFIER
control field AKMAL
005 - DATE AND TIME OF LATEST TRANSACTION
control field 20170529111634.0
008 - FIXED-LENGTH DATA ELEMENTS--GENERAL INFORMATION
fixed length control field 170529s2007 my |r0 e | 000 01eng
020 ## - INTERNATIONAL STANDARD BOOK NUMBER
International Standard Book Number 9789679627893 (pbk.)
040 ## - CATALOGING SOURCE
Original cataloging agency AKMAL
082 04 - DEWEY DECIMAL CLASSIFICATION NUMBER
Classification number 343.032 NOR
Edition number 22
090 00 - LOCALLY ASSIGNED LC-TYPE CALL NUMBER (OCLC); LOCAL CALL NUMBER (RLIN)
Classification number (OCLC) (R) ; Classification number, CALL (RLIN) (NR) 343.032
Local cutter number (OCLC) ; Book number/undivided call number, CALL (RLIN) NOR
100 0# - MAIN ENTRY--PERSONAL NAME
Personal name Norhashimah Mohd. Yasin
9 (RLIN) 8519
245 14 - TITLE STATEMENT
Title Legal aspects of money laundering in Malaysia from the common law perspective /
Statement of responsibility, etc. Norhashimah Mohd. Yasin
260 ## - PUBLICATION, DISTRIBUTION, ETC.
Place of publication, distribution, etc. Selangor :
Name of publisher, distributor, etc. LexisNexis,
Date of publication, distribution, etc. 2007
300 ## - PHYSICAL DESCRIPTION
Extent xxvi, 304p. ;
Dimensions 25cm.
650 10 - SUBJECT ADDED ENTRY--TOPICAL TERM
Topical term or geographic name entry element Money laundering
General subdivision Law and legislation
Geographic subdivision Malaysia
9 (RLIN) 8485
650 20 - SUBJECT ADDED ENTRY--TOPICAL TERM
Topical term or geographic name entry element Money laundering
9 (RLIN) 8520
942 ## - ADDED ENTRY ELEMENTS (KOHA)
Source of classification or shelving scheme
Koha item type Book
950 ## - LOCAL HOLDINGS (RLIN)
Permanent shelving location, LOC (RLIN) AKMAL
Holdings
Withdrawn status Lost status Source of classification or shelving scheme Damaged status Not for loan Collection code Home library Current library Shelving location Date acquired Inventory number Total Checkouts Full call number Barcode Date last seen Price effective from Koha item type
          NON-FICTION AKMAL Melaka AKMAL Melaka RUJUKAN 29.05.2017 305984   343.032 NOR 201706450 29.05.2017 29.05.2017 Book
          NON-FICTION AKMAL Melaka AKMAL Melaka RUJUKAN 29.05.2017 305985   343.032 NOR 201706451 29.05.2017 29.05.2017 Book
          NON-FICTION AKMAL Melaka AKMAL Melaka RUJUKAN 29.05.2017 305986   343.032 NOR 201706452 29.05.2017 29.05.2017 Book
          NON-FICTION AKMAL Melaka AKMAL Melaka RUJUKAN 29.05.2017 305987   343.032 NOR 201706453 29.05.2017 29.05.2017 Book
          NON-FICTION AKMAL Melaka AKMAL Melaka RUJUKAN 29.05.2017 305988   343.032 NOR 201706454 29.05.2017 29.05.2017 Book
Pusat Sumber Maklumat Dato' Haji Sarmin Md Hussin, Akademi Kastam Diraja Malaysia, Melaka
Tel: 06-2331106 | Faks: 06-2313787